| 000 | 01324nam a2200313 4500 | ||
|---|---|---|---|
| 005 | 20240530110341.0 | ||
| 008 | 141112s2011 le gr 001 0 ara d | ||
| 020 | _a9789953824611 | ||
| 040 | _aEG-CaGPL | ||
| 082 | 0 | 4 |
_221 _a320.9\ _bج ر |
| 100 | 0 | _aجميل مطر | |
| 245 | 1 |
_aرياح التغيير فى الوطن العربى : _bحلقات نقاشية عن مصر : المغرب : سورية / _cجميل مطر [ واخ ] ؛ تحرير عبدالاله بلقزيز |
|
| 250 | _aط 1 | ||
| 260 |
_aبيروت : _bمركز دراسات الوحدة العربية ، _c2011 |
||
| 300 |
_a271 ص ؛ _c24 سم |
||
| 650 | 0 | 4 | _aالثورات العربية |
| 650 | 0 | 4 | _aثورة 25 يناير |
| 650 | 0 | 4 |
_aمصر _xالاحوال السياسية |
| 650 | 0 | 4 |
_aالمغرب _xالاحوال السياسية |
| 650 | 0 | 4 |
_aسوريا _xالاحوال السياسية |
| 650 | 0 | 4 |
_aتونس _xالاحوال السياسية |
| 700 | 0 |
_aزياد حافظ _eمؤلف مشارك |
|
| 700 | 0 |
_aمحمد نورالدين _eمؤلف مشارك |
|
| 700 | 0 |
_aحسن حمادة _eمؤلف مشارك |
|
| 700 | 0 |
_aعبدالاله بلقزيز _eمحرر |
|
| 700 | 0 |
_aجميل مطر _eمؤلف مشارك |
|
| 942 |
_2ddc _cBK |
||
| 999 |
_c59885 _d59885 |
||